A pescar pensamientos / (Record no. 153909)

MARC details
000 -CABECERA
campo de control de longitud fija 00785nam a2200241 u 4500
005 - FECHA Y HORA DE LA ÚLTIMA TRANSACCIÓN
campo de control 20240223063623.0
008 - ELEMENTOS DE LONGITUD FIJA--INFORMACIÓN GENERAL
campo de control de longitud fija 110913s2008 r 000 0 eng d
020 ## - NÚMERO INTERNACIONAL NORMALIZADO PARA LIBROS
Número Internacional Estándar del Libro 9789584504661
035 ## - NÚMERO DE CONTROL DEL SISTEMA
Número de control de sistema UPN01000181806
049 ## - COLECCIÓN
Colección I
050 #4 - SIGNATURA TOPOGRÁFICA DE LA BIBLIOTECA DEL CONGRESO
Número de clasificación PZ75
Número de documento/Ítem M3.26
100 1# - ASIENTO PRINCIPAL--NOMBRE PERSONAL
Nombre de persona Masini, Beatrice,
Fechas asociadas al nombre 1962-
9 (RLIN) 35606
245 10 - MENCIÓN DE TÍTULO
Título A pescar pensamientos /
Mención de responsabilidad, etc. Beatrice Masini ; il. Lucia Salemi ; tr. Fredy Ordóñez.
260 ## - PUBLICACIÓN, DISTRIBUCIÓN, ETC.
Lugar de publicación, distribución, etc. Bogotá :
Nombre del editor, distribuidor, etc. Norma,
Fecha de publicación, distribución, etc. 2008.
300 ## - DESCRIPCIÓN FÍSICA
Extensión 84 p. :
Otras características físicas principalmente il. col.
440 #0 - MENCIÓN DE SERIE/ASIENTO SECUNDARIO--TÍTULO
Título Torre de papel.
Nombre de parte o sección de la obra Naranja
534 ## - NOTA SOBRE LA VERSIÓN ORIGINAL
Frase introductoria Título original:
Mención de título del original A pescare pensieri
650 #4 - ASIENTO SECUNDARIO DE MATERIA - TERMINO TEMATICO
Término de materia o nombre geográfico como elemento de entrada Cuentos infantiles italianos
9 (RLIN) 7373
650 #7 - ASIENTO SECUNDARIO DE MATERIA - TERMINO TEMATICO
Término de materia o nombre geográfico como elemento de entrada Abuelos
Subdivisión de forma Literatura infantil
Fuente del encabezamiento o término
9 (RLIN) 11576
650 #0 - ASIENTO SECUNDARIO DE MATERIA - TERMINO TEMATICO
Término de materia o nombre geográfico como elemento de entrada Abuelos y nietos
9 (RLIN) 11989
700 1# - ASIENTO SECUNDARIO--NOMBRE DE PERSONAL
Nombre de persona Salemi, Lucia,
Término indicativo de función/relación il.
905 ## - TIPO DE MATERIAL
Tipo de material Infantil
Holdings
Estado de retiro Estado de pérdida Fuente del sistema de clasificación o colocación Estado dañado No para préstamo Código de colección Localización permanente Ubicación/localización actual Ubicación en estantería Fecha de adquisición Total de préstamos Clasificación Código de barras Fecha visto por última vez Número de copia Tipo de ítem Koha
    Library of Congress Classification     Infantil Bib. Gregorio Torres Quintero Bib. Gregorio Torres Quintero Sala infantil Planta baja 10/05/2023 1 PZ75 M3.26 275858 31/12/2020 1 Libro
    Library of Congress Classification     Infantil Bib. Gregorio Torres Quintero Bib. Gregorio Torres Quintero Sala infantil Planta baja 09/01/2023   PZ75 M3.26 306227 09/01/2023 Ej.2 Libro